LEADER 01181nam 2200325Ia 450 001 996396164203316 005 20221108092242.0 035 $a(CKB)4330000000357620 035 $a(EEBO)2240862752 035 $a(OCoLC)23660639 035 $a(EXLCZ)994330000000357620 100 $a19910429d1644 uy | 101 0 $aeng 135 $aurbn||||a|bb| 200 10$aReformation of church-government in Scotland$b[electronic resource] $ecleared from some mistakes and prejudices by the commissioners of the Generall Assembly of the Church of Scotland, now at London /$fpublished by especiall command 210 $aEdinburgh $cPrinted by Evan Tyler ..$d1644 215 $a[2], 22 p 300 $aAttributed to Alexander Henderson. Cf. DNB. 300 $aContains ms. notes in margins. 300 $aReproduction of original in British Library. 330 $aeebo-0018 607 $aScotland$xChurch history$y17th century 701 $aHenderson$b Alexander$f1583?-1646.$01003757 801 0$bEAF 801 1$bEAF 801 2$bWaOLN 906 $aBOOK 912 $a996396164203316 996 $aReformation of church-government in Scotland$92407014 997 $aUNISA LEADER 01355nas 2200385 c 450 001 9910894186403321 005 20260218112129.0 035 $a(CKB)5280000000202714 035 $a(DE-599)ZDB2880707-8 035 $a(DE-101)1123593183 035 $a(DE-599)2880707-8 035 $a(EXLCZ)995280000000202714 100 $a20170117a20089999 |y | 101 0 $afre 135 $aur||||||||||| 181 $ctxt$2rdacontent 182 $cc$2rdamedia 183 $acr$2rdacarrier 200 00$aEnque?te de?mographique et de sante?$e(EDS-RDC ...)$fRe?publique De?mocratique du Congo, Ministe?re du Plan et Suivi de la Mise en ?uvre de la Re?volution de la Modernite?; Ministe?re de la Sante? Publique 210 31$aRockville, Maryland, U.S.A.$cMeasure DHS, ICF International$dAou?t 2008- 215 $aOnline-Ressource 300 $aHerausgebendes Organ variiert 517 1 $aCongo Democratic Republic DHS 608 $aZeitschrift$2gnd-content 676 $a310 676 $a330 676 $a610 712 02$aDemokratische Republik Kongo$bMiniste?re du plan et suivi de la mise en oeuvre de la re?volution de la modernite?$4isb 801 0$b0206 801 1$bDE-101 801 2$b9001 906 $aJOURNAL 912 $a9910894186403321 996 $aEnque?te de?mographique et de sante?$94255823 997 $aUNINA